| 000 | 01461cam a22003015a 4500 | ||
|---|---|---|---|
| 001 | E149070 | ||
| 008 | 100106s2009 xxk f 000 0 eng d | ||
| 020 | _a9781842195628 | ||
| 035 | _a(Sirsi) u149070 | ||
| 041 | 0 | _aeng | |
| 050 | 0 | 4 | _a025.4 $2 18 |
| 110 | 2 |
_aRoyal Institution of Chartered Surveyors _94900 |
|
| 245 | 0 | 0 |
_aElectronic document management _bRICS guidance note _h[electronic resource] |
| 260 |
_aCoventry _bRICS _c2009 |
||
| 300 |
_aiv, 30p. _c30cm. |
||
| 490 | 0 | _aRICS Guidance Note | |
| 490 | 0 | _aRICS Black Book | |
| 505 | 2 | _aTypical electronic document lifecycle -- What are the problems associated with managing documents electronically? -- Features of EDM systems which can address these problems -- Items for consideration in using a basic EDMS comprising standard network shared folders -- Further information -- Appendices | |
| 520 | _aAims to increase the understanding of what an Electronic Document Management (EDM) system can offer, and provides tools for assisting in the selection of an appropriate EDM system to suit any size of business. | ||
| 521 | _aAdvanced | ||
| 590 | _aKA | ||
| 650 | 2 | 4 | _aRICS BLACK BOOK |
| 650 | 2 | 4 | _aRICS QS AND CONSTRUCTION STANDARDS |
| 651 | 4 | _aUnited Kingdom | |
| 690 | _aMANAGEMENT-BUSINESS MANAGEMENT-INFORMATION MANAGEMENT | ||
| 856 | 4 | 1 |
_uhttps://www.rics.org/uk/products/knowledge-and-information-services/ _zitem under review please email [email protected] |
| 942 |
_n0 _2ddc |
||
| 999 |
_c110361 _d110361 |
||